| 000 | 02003nam0a2200385 4500 | ||
|---|---|---|---|
| 001 | RU\NLR\bibl\1429063 | ||
| 005 | 20250615221103.0 | ||
| 010 |
_a5-89838-408-1 _9140 |
||
| 021 |
_aRU _b2009-68589 _94243 |
||
| 035 | _a(nilc)RSL-KNO-004377045 | ||
| 035 | _a(NLR Aleph) 001420981 | ||
| 090 |
_a1342499 _c1342499 |
||
| 100 | _a20090820d2009 |||y0rusy50 ca | ||
| 101 | 0 | _arus | |
| 102 | _aRU | ||
| 105 | _aa ||||||||| | ||
| 200 | 1 |
_aТехнические средства автоматизации контроля и диагностики и систем управления _eучебное пособие _e[для студентов специальностей 220301 - "Автоматизация технологических процессов и производств (в машиностроении)" и 220201 - "Управление и информатика в технических системах" всех форм обучения] _fО.Н. Федонин, С.Ю. Съянов _gФедер. агентство по образованию, Брян. гос. техн. ун-т |
|
| 210 |
_aБрянск _cИзд-во БГТУ _d2009 |
||
| 215 |
_a106, [1] с. _cил. _d20 |
||
| 320 | _aБиблиогр.: с. 101 (8 назв.) | ||
| 320 | _aПредм. указ.: с. 102-104 | ||
| 606 | 1 |
_aМашиностроение _jУчебные издания для высших учебных заведений _xАвтоматизация _xАппараты и приборы _9955540 _3RU\NLR\auth\66356043 |
|
| 686 |
_aК630.2-5я73-1 _2rubbk |
||
| 686 |
_aК680.2-5я73-1 _2rubbk |
||
| 686 | _aК5-5-05я73-1 | ||
| 700 | 1 |
_aФедонин _bО. Н. _gОлег Николаевич _4070 |
|
| 701 | 1 |
_aСьянов _bС. Ю. _gСергей Юрьевич _4070 |
|
| 801 | 0 |
_aRU _bРКП _c20090820 _grcr |
|
| 801 | 1 |
_aRU _bРГБ _c20090820 |
|
| 801 | 2 |
_aRU _bNLR _c20091022 _grcr |
|
| 830 | _aавт. по кн. | ||
| 942 | _cBOOK | ||
| 980 | _aNB | ||